000 01244nam a2200289 i 4500
001 132961
003 ES-MaACL
005 20260119113307.0
007 t|
008 070214s1916 sp |||| | spa d
080 _a133(460.12)
080 _a913(460.12)
100 1 _aRoso de Luna, Mario,
_d1872-1931
_999794
245 1 3 _aEl tesoro de los lagos de Somiedo :
_b[por la Asturias tenebrosa] /
_cpor Mario Roso de Luna.
260 _aMadrid :
_bLibrería de la Viuda de Pueyo,
_c1916 (
_fImp. Helénica)
300 _aXL, 504 p. ;
_c24 cm.
490 1 _aBiblioteca de las maravillas ;
_v1
505 8 _aContiene: Primera parte: Consecuencias de un eclipse ; Segunda parte: En pleno país de los encantos ; Tercera parte: Hacia el borde de la sima ; Cuarta parte: El triunfo del ocultismo ; Epílogo
530 _aDisponible en formato digital.
650 4 _aOcultismo-
_zAsturias (Comunidad Autónoma)
_9164106
651 4 _aAsturias (Comunidad Autónoma)-
_xDescripción.
_97830
830 1 _aBiblioteca de las maravillas ;
_v1
_9182500
852 _aES-MaACL
_jC-4329
_cSPAL
856 4 _uhttp://bdh-rd.bne.es/viewer.vm?id=0000111288&page=1
_y(Biblioteca Digital Hispánica)
942 _2udc
999 _c132961
_d132961